[Event "AUTO-MASTER-3299"]
[Site "http://www.queenalice.com/game.php?id=1870987"]
[Date "2026.3.25"]
[Round "1"]
[White "Donidon"]
[Black "alvm"]
[Result "1-0"]
[WhiteElo "2305"]
[BlackElo "2197"]

1. e4 c6 2. d4 d5 3. Nc3 dxe4 4. Nxe4 Bf5 5. Bd3 Qxd4 6. Nf3 Qd5 7. Qe2 Nd7 8.
O-O e6 9. Rd1 Qa5 10. Bd2 Qc7 11. a4 Be7 12. a5 Bg4 13. a6 b6 14. h3 Bxf3 15.
Qxf3 Ngf6 16. Bf4 e5 17. Bg3 Nxe4 18. Bxe4 Rc8 19. Bf5 Rd8 20. Rxd7 Rxd7 21.
Bxd7+ Kxd7 22. Qxf7 Qd6 23. Qxg7 Qf6 24. Rd1+ Ke6 25. Qg4+ Kf7 26. Rd7 Rg8 27.
Qe4 Rg7 28. Rxa7 Ke6 29. Qxc6+ Kf5 30. Qxf6+ Bxf6 31. Rxg7 1-0

[Event "AUTO-MASTER-3299"]
[Site "http://www.queenalice.com/game.php?id=1870988"]
[Date "2026.3.25"]
[Round "1"]
[White "alvm"]
[Black "Donidon"]
[Result "1-0"]
[WhiteElo "2164"]
[BlackElo "2275"]

1. d4 Nf6 2. c4 d5 3. cxd5 Nxd5 4. e4 Nb6 5. Nf3 g6 6. Bd3 Bg7 7. O-O O-O 8. Be3
c6 9. Nc3 Be6 10. Qd2 Nc4 11. Qe2 Nxe3 12. fxe3 Bg4 13. h3 Bxf3 14. Qxf3 Nd7 15.
Rad1 c5 16. e5 Qc8 17. Nd5 e6 18. Ne7+ 1-0

[Event "AUTO-MASTER-3299"]
[Site "http://www.queenalice.com/game.php?id=1871001"]
[Date "2026.3.25"]
[Round "1"]
[White "josebaron"]
[Black "alvm"]
[Result "1-0"]
[WhiteElo "2156"]
[BlackElo "2174"]

1. e4 c6 2. Nf3 d5 3. exd5 cxd5 4. d4 Nc6 5. Bb5 Nf6 6. Ne5 Bd7 7. Nxd7 Qxd7 8.
O-O e6 9. Bxc6 Qxc6 10. c3 Bd6 11. Nd2 O-O 12. Nf3 Rad8 13. Bg5 Be7 14. a4 h6
15. Ne5 Qb6 16. Bxf6 Bxf6 17. Rb1 a5 18. f4 g6 19. Rf3 Kg7 20. Rg3 Rg8 21. Qh5
Bxe5 22. fxe5 Kh7 23. Qf3 Rd7 24. Qf2 Qb3 25. Rf3 Rf8 26. h4 Qxa4 27. b3 Qa2 28.
Qxa2 1-0

[Event "AUTO-MASTER-3299"]
[Site "http://www.queenalice.com/game.php?id=1871002"]
[Date "2026.3.25"]
[Round "1"]
[White "alvm"]
[Black "josebaron"]
[Result "0-1"]
[WhiteElo "2171"]
[BlackElo "2170"]

1. d4 d5 2. c4 dxc4 3. Qa4+ Bd7 4. Qxc4 Nf6 5. Nc3 e6 6. e4 Be7 7. Nf3 O-O 8.
Bd3 a6 9. Qb3 Bc6 10. O-O h6 11. Rd1 Nbd7 12. Be3 Re8 13. d5 exd5 14. exd5 Bb5
15. Nxb5 axb5 16. Bxb5 Bd6 17. Nd4 Nc5 18. Qc4 Re4 19. Qc3 Na4 20. Qc2 Rxe3 21.
fxe3 Ng4 22. Bxa4 Nxe3 23. Qb3 Nxd1 24. Rxd1 Qh4 25. g3 Qg4 26. Bb5 Bc5 27. Qd3
Rxa2 28. Rd2 c6 29. dxc6 bxc6 30. Bxc6 Qe6 31. Be4 Qh3 32. Bg2 Ra1+ 33. Kf2 Qxh2
34. Kf3 Qh5+ 35. g4 Qd5+ 36. Kg3 Bd6+ 37. Kf2 Qe5 38. Nb3 Qe1+ 39. Kf3 Qg3+ 40.
Ke4 Qxg4+ 41. Ke3 Re1+ 42. Kf2 Qh4+ 0-1

[Event "AUTO-MASTER-3299"]
[Site "http://www.queenalice.com/game.php?id=1871011"]
[Date "2026.3.25"]
[Round "1"]
[White "alvm"]
[Black "Fauquinelle"]
[Result "0-1"]
[WhiteElo "2213"]
[BlackElo "2069"]

1. d4 d5 2. c4 c6 3. Nc3 Nf6 4. Nf3 Bf5 5. cxd5 Nxd5 6. Nxd5 Qxd5 7. Bf4 Nd7 8.
e3 f6 9. Bd3 Qa5+ 10. Kf1 Bg4 11. h3 Bxf3 12. Qxf3 e5 13. dxe5 Nxe5 14. Qe4
O-O-O 15. Be2 Bd6 16. Kg1 Ng6 17. Bxd6 Rxd6 18. Kh2 Rd2 19. Bg4+ Kb8 20. b4 Qc7+
21. Kg1 Ne5 22. g3 g6 23. Qf4 f5 24. Bd1 Nd3 25. Qxc7+ Kxc7 26. Rh2 Nxb4 27. a3
Nd3 28. Bb3 Ne5 29. Kg2 h5 30. Rhh1 Rb2 31. Rab1 Rd2 32. Rhd1 Rhd8 33. Kf1 Rxd1+
34. Rxd1 Rxd1+ 35. Bxd1 b5 36. Ke2 a5 37. f4 Nc4 38. a4 Nd6 39. Kd3 Ne4 40. axb5
cxb5 41. g4 Nf2+ 42. Kd2 Nxd1 43. Kxd1 hxg4 44. hxg4 fxg4 45. e4 Kd6 0-1

[Event "AUTO-MASTER-3299"]
[Site "http://www.queenalice.com/game.php?id=1871012"]
[Date "2026.3.25"]
[Round "1"]
[White "Fauquinelle"]
[Black "alvm"]
[Result "0-1"]
[WhiteElo "2051"]
[BlackElo "2166"]

1. c4 Nf6 2. g3 g6 3. d4 Bg7 4. Bg2 O-O 5. Nf3 d5 6. cxd5 Nxd5 7. O-O Nc6 8. e4
Ndb4 9. a3 Na6 10. Bf4 Bg4 11. Be3 Nxd4 12. Bxd4 Bxf3 13. Bxg7 Bxd1 0-1

[Event "AUTO-OPEN-4645"]
[Site "http://www.queenalice.com/game.php?id=1871102"]
[Date "2026.3.28"]
[Round "1"]
[White "EduardoRo"]
[Black "alvm"]
[Result "0-1"]
[WhiteElo "1656"]
[BlackElo "2169"]

1. e4 c6 2. d4 d5 3. e5 Bf5 4. Nd2 e6 5. Ngf3 Nd7 6. Be2 c5 7. c3 f6 8. exf6
Ngxf6 9. O-O Be7 10. dxc5 Nxc5 11. b4 Nce4 12. Nxe4 Nxe4 13. Qd4 Bf6 14. Qd3
Nxc3 15. Qe3 Nxe2+ 16. Qxe2 Bxa1 17. Ba3 Bf6 18. b5 Qc7 19. Rc1 Qa5 20. Bc5 Rc8
21. h3 b6 22. Be3 Rxc1+ 23. Bxc1 O-O 24. a3 Rc8 25. Bg5 Qxa3 26. Bxf6 gxf6 27.
g4 Be4 28. Nd2 Qxh3 29. f3 Rc1+ 30. Kf2 Qh2+ 31. Ke3 Rc3+ 0-1

[Event "AUTO-OPEN-4645"]
[Site "http://www.queenalice.com/game.php?id=1871103"]
[Date "2026.3.28"]
[Round "1"]
[White "alvm"]
[Black "EduardoRo"]
[Result "1-0"]
[WhiteElo "2170"]
[BlackElo "1654"]

1. d4 d5 2. c4 Nf6 3. cxd5 Nxd5 4. e4 Nf6 5. Bd3 Nc6 6. Ne2 e5 7. d5 Nd4 8. Nxd4
exd4 9. O-O Bc5 10. Bg5 O-O 11. e5 Bg4 12. f3 Bh5 13. exf6 g6 14. g4 Bxg4 15.
fxg4 Qxd5 16. Qd2 Rae8 17. Bh6 Re6 18. Bxf8 Kxf8 19. Na3 a6 20. Bc4 d3+ 21. Rf2
Bxf2+ 22. Qxf2 Qd6 23. Bxe6 fxe6 24. Rd1 Kf7 25. Nc4 Qd5 26. b3 h5 27. Rxd3 Qg5
28. Rd7+ Ke8 29. Re7+ Kf8 30. h3 b5 31. Ne3 hxg4 32. hxg4 1-0

[Event "AUTO-OPEN-4645"]
[Site "http://www.queenalice.com/game.php?id=1871132"]
[Date "2026.3.28"]
[Round "1"]
[White "alvm"]
[Black "JoseMessias"]
[Result "1-0"]
[WhiteElo "2171"]
[BlackElo "1553"]

1. d4 d5 2. c4 e6 3. Nc3 Bb4 4. Nf3 Bxc3+ 5. bxc3 dxc4 6. a4 Qd5 7. Ba3 Qa5 8.
Bb4 Qf5 9. e3 Nf6 10. Bxc4 Ne4 11. Bd3 a5 12. Ba3 Nxf2 13. Kxf2 Qf6 14. Rf1 Nc6
15. e4 e5 16. d5 Ne7 17. c4 Bg4 18. h3 Bxf3 19. Qxf3 O-O 20. Qxf6 gxf6 21. Bxe7
Rfe8 22. Bxf6 c6 23. Ke3 cxd5 24. exd5 Rac8 25. d6 Re6 26. Be7 Rc6 27. Rab1 e4
28. Be2 Rexd6 29. Bxd6 Rxd6 30. Rxb7 f6 31. c5 Rc6 32. Rd1 Rc8 33. c6 h6 34. c7
Kg7 35. Bg4 Re8 36. c8=Q+ 1-0

[Event "AUTO-OPEN-4645"]
[Site "http://www.queenalice.com/game.php?id=1871133"]
[Date "2026.3.28"]
[Round "1"]
[White "JoseMessias"]
[Black "alvm"]
[Result "0-1"]
[WhiteElo "1520"]
[BlackElo "2168"]

1. e4 c6 2. Bc4 d5 3. exd5 cxd5 4. Bb5+ Nc6 5. c3 e5 6. Nf3 Bd6 7. d4 Bg4 8.
dxe5 Bc5 9. Bg5 Bxf3 10. Qxf3 Qxg5 11. Qxd5 Qc1+ 12. Qd1 Qxb2 13. Bxc6+ bxc6 14.
Nd2 Qxc3 15. O-O Ne7 16. Rc1 Qxe5 17. Re1 Qd4 18. Ne4 Bb6 19. Qxd4 Bxd4 20. Nd6+
Kf8 21. Rc4 c5 22. Nb7 Rc8 23. Rb1 g6 24. Nd6 Rd8 25. Nb7 Rb8 26. a4 Nc6 27.
Rcc1 Kg7 28. a5 a6 29. Rb6 Nxa5 30. Rcb1 Rxb7 31. Rxb7 Nxb7 32. Rxb7 c4 33. Rb4
Rc8 34. Ra4 c3 35. Ra1 c2 36. Rc1 Bb2 37. Re1 c1=Q 38. Rf1 Qd2 39. h3 Bd4 40.
Kh2 Be5+ 41. f4 Bxf4+ 42. Kh1 Rc1 0-1

[Event "AUTO-OPEN-4645"]
[Site "http://www.queenalice.com/game.php?id=1871134"]
[Date "2026.3.28"]
[Round "1"]
[White "alvm"]
[Black "dosoldini"]
[Result "1-0"]
[WhiteElo "2173"]
[BlackElo "1622"]

1. d4 d5 2. c4 Nf6 3. cxd5 Qxd5 4. Nc3 Qf5 5. Nf3 Ne4 6. e3 a6 7. Bd3 Qe6 8.
Nxe4 f5 9. Nc5 Qd6 10. Qc2 Ra7 11. Bxf5 Bxf5 12. Qxf5 Kd8 13. O-O b6 14. Ne6+
Ke8 15. Ne5 1-0

[Event "AUTO-OPEN-4645"]
[Site "http://www.queenalice.com/game.php?id=1871135"]
[Date "2026.3.28"]
[Round "1"]
[White "dosoldini"]
[Black "alvm"]
[Result "0-1"]
[WhiteElo "1621"]
[BlackElo "2161"]

1. e4 c6 2. b4 d5 3. d3 e5 4. d4 Bxb4+ 5. Bd2 Qe7 6. c3 Bd6 7. Be2 dxe4 8. Be3
Nf6 9. Nd2 Bf5 10. g4 Be6 11. g5 Nd5 12. Nxe4 Nxe3 13. fxe3 Bc7 14. h4 Bd5 15.
Qd3 exd4 16. Bf3 dxc3 17. Nxc3 Bxf3 18. Nxf3 O-O 19. O-O Na6 20. a4 Rfe8 21. e4
Rad8 22. Nd4 Rxd4 23. Qxd4 Be5 24. Qc4 Qd7 25. Rad1 Qg4+ 0-1

[Event "AUTO-MASTER-3271"]
[Site "http://www.queenalice.com/game.php?id=1871884"]
[Date "2026.4.13"]
[Round "2"]
[White "CCapivara"]
[Black "alvm"]
[Result "0-1"]
[WhiteElo "2263"]
[BlackElo "2199"]

1. e4 c6 2. d4 d5 3. exd5 cxd5 4. Nf3 Nc6 5. Bd3 Nf6 6. c3 Bg4 7. O-O e6 8. Bg5
Be7 9. Nbd2 O-O 10. Qa4 Bh5 11. Rae1 Qc7 12. Ne5 Nd7 13. Bxe7 Ndxe5 14. Bxf8
Nxd3 15. Ba3 Nxe1 16. Rxe1 Bg6 17. Nf3 h6 18. Qd1 b5 19. Bc5 a5 20. h3 b4 21. a3
bxc3 22. bxc3 Rb8 23. Nh4 Bh7 24. Qg4 Re8 25. f4 Ne7 26. Bxe7 Rxe7 27. f5 exf5
28. Rxe7 Qxe7 29. Nxf5 Qe1+ 30. Kh2 Bxf5 31. Qxf5 Qxc3 32. Qxd5 Qxa3 33. Qa8+
Kh7 34. Qe4+ Kg8 35. d5 a4 36. Qe8+ Kh7 37. Qxf7 Qd6+ 38. g3 a3 39. Qf5+ Qg6 40.
Qf3 a2 41. Qd1 Qb1 0-1

[Event "AUTO-MASTER-3271"]
[Site "http://www.queenalice.com/game.php?id=1871885"]
[Date "2026.4.13"]
[Round "2"]
[White "alvm"]
[Black "CCapivara"]
[Result "1-0"]
[WhiteElo "2159"]
[BlackElo "2258"]

1. d4 d6 2. c4 Nf6 3. Nc3 c6 4. e4 Qa5 5. Bd2 Qb6 6. Nf3 Bg4 7. Na4 Qc7 8. Bd3
e5 9. d5 cxd5 10. cxd5 Be7 11. Nc3 O-O 12. O-O a6 13. h3 Bh5 14. Rc1 Nbd7 15.
Re1 Rac8 16. Ne2 Bxf3 17. Rxc7 Bxe2 18. Rxe2 Rxc7 19. Bc3 Nc5 20. Bc2 Rfc8 21.
Ba5 Rd7 22. b4 b6 23. Bxb6 Nb7 24. Ba4 Rdd8 25. Bxd8 Bxd8 26. Bc6 1-0

[Event "AUTO-MASTER-3271"]
[Site "http://www.queenalice.com/game.php?id=1871890"]
[Date "2026.4.13"]
[Round "2"]
[White "alvm"]
[Black "LAIRE"]
[Result "1-0"]
[WhiteElo "2174"]
[BlackElo "2205"]

1. d4 Nf6 2. c4 e6 3. Nf3 d5 4. Bg5 Be7 5. Nc3 O-O 6. e3 Nbd7 7. Bd3 dxc4 8.
Bxc4 c5 9. O-O b6 10. Rc1 Bb7 11. Qe2 Ne4 12. Bxe7 Qxe7 13. Bd3 Nxc3 14. bxc3
Nf6 15. e4 Rad8 16. Rfd1 Rfe8 17. g3 Ba8 18. h4 h6 19. e5 1-0

[Event "AUTO-MASTER-3271"]
[Site "http://www.queenalice.com/game.php?id=1871891"]
[Date "2026.4.13"]
[Round "2"]
[White "LAIRE"]
[Black "alvm"]
[Result "0-1"]
[WhiteElo "2192"]
[BlackElo "2187"]

1. d4 Nf6 2. c4 e6 3. Nc3 d5 4. Bg5 Be7 5. e3 O-O 6. Nf3 b6 7. cxd5 exd5 8. Bd3
Bb7 9. Qc2 Nbd7 10. O-O Rc8 11. Rac1 Re8 12. Ne5 h6 13. Bxf6 Bxf6 14. Nxd7 Qxd7
15. Bf5 Qd6 16. Bxc8 Rxc8 17. Rfd1 Qe6 18. Qd3 Rd8 19. Ne2 Rd7 0-1

[Event "AUTO-MASTER-3271"]
[Site "http://www.queenalice.com/game.php?id=1871893"]
[Date "2026.4.13"]
[Round "2"]
[White "raulzampronha"]
[Black "alvm"]
[Result "1-0"]
[WhiteElo "2257"]
[BlackElo "2204"]

1. e4 c6 2. d4 d5 3. exd5 cxd5 4. c4 Nf6 5. Nc3 Nc6 6. Nf3 Bg4 7. cxd5 Nxd5 8.
Qb3 Nb6 9. d5 Nb8 10. Bb5+ N8d7 11. Ne5 Bf5 12. g4 Bg6 13. Be3 Qc7 14. Bxb6
Qxe5+ 15. Be3 b6 16. Bxd7+ Kxd7 17. Qa4+ Kd8 18. O-O-O h5 19. Bxb6+ Kc8 20. d6
exd6 21. Qc6+ 1-0

[Event "AUTO-OPEN-4651"]
[Site "http://www.queenalice.com/game.php?id=1873047"]
[Date "2026.5.8"]
[Round "1"]
[White "alvm"]
[Black "game"]
[Result "1-0"]
[WhiteElo "2195"]
[BlackElo "1513"]

1. d4 Nc6 2. d5 Nb4 3. a3 Na6 4. e4 Nc5 5. Nc3 d6 6. Nf3 Nf6 7. Bd3 e6 8. O-O e5
9. Bb5+ Bd7 10. Bxd7+ Qxd7 11. Re1 O-O-O 12. b4 Na6 13. Bg5 Be7 14. Rb1 Nh5 15.
Be3 Nf4 16. Ne2 h5 17. Nxf4 exf4 18. Bxf4 h4 19. Qd4 h3 20. Qxa7 Qg4 21. Bg3
hxg2 22. Nd4 Bh4 23. Qa8+ Kd7 24. Qxb7 Qf3 25. Nxf3 Bxg3 26. Qxa6 g5 27. fxg3 g4
28. Qc6+ Kc8 29. Ng5 Rh5 30. Nxf7 Rf8 31. Nxd6+ Kd8 32. Nb7+ Kc8 33. Nc5 Rfh8
34. Qa8# 1-0

[Event "AUTO-OPEN-4651"]
[Site "http://www.queenalice.com/game.php?id=1873051"]
[Date "2026.5.8"]
[Round "1"]
[White "alvm"]
[Black "bmax"]
[Result "1-0"]
[WhiteElo "2188"]
[BlackElo "2277"]

1. d4 d5 2. c4 c6 3. Nc3 Nf6 4. Nf3 dxc4 5. a4 Bf5 6. e3 e6 7. Bxc4 Bb4 8. O-O
O-O 9. Qe2 Nbd7 10. e4 Bg4 11. h3 Bxf3 12. Qxf3 Qb6 13. Rd1 a5 14. Be3 c5 15.
dxc5 Bxc5 16. Bxc5 Qxc5 17. Bb5 Ne5 18. Qg3 Rad8 19. Kh1 Nh5 20. Qg5 Nf6 21.
Rac1 Qxf2 22. Qxe5 1-0

[Event "AUTO-OPEN-4638"]
[Site "http://www.queenalice.com/game.php?id=1873104"]
[Date "2026.5.8"]
[Round "2"]
[White "alvm"]
[Black "EduardoRo"]
[Result "1-0"]
[WhiteElo "2199"]
[BlackElo "1788"]

1. d4 d5 2. c4 e6 3. Nc3 Bb4 4. Nf3 Nf6 5. Bg5 O-O 6. e3 Nbd7 7. cxd5 exd5 8.
Bd3 Bxc3+ 9. bxc3 Qe8 10. O-O Qe6 11. Re1 c5 12. Rb1 b6 13. Qc2 g6 14. Bh6 Re8
15. Ng5 Qg4 16. Nh3 Nh5 17. Be2 Qf5 18. Qxf5 Ndf6 19. Qg5 Bf5 20. Rbd1 Bxh3 21.
gxh3 Re4 22. Bxh5 Nxh5 23. Qxd5 Rae8 24. dxc5 Nf6 25. Qg5 R8e6 26. Rd8+ Re8 27.
Qxf6 1-0

[Event "AUTO-MASTER-3305"]
[Site "http://www.queenalice.com/game.php?id=1873190"]
[Date "2026.5.8"]
[Round "1"]
[White "alvm"]
[Black "Capixabba789"]
[Result "1-0"]
[WhiteElo "2196"]
[BlackElo "1850"]

1. d4 d5 2. c4 e6 3. Nc3 Nf6 4. Bg5 Be7 5. Nf3 c6 6. cxd5 exd5 7. e3 Nbd7 8. Bd3
O-O 9. O-O Re8 10. Re1 c5 11. Rc1 c4 12. Bb1 Nb6 13. Qc2 Be6 14. Bxf6 Bxf6 15.
Qxh7+ Kf8 16. h4 Ke7 17. g3 Rh8 18. Qc2 Qd6 19. b3 Rac8 20. Nb5 Qb8 21. Qe2 a6
22. Na3 cxb3 23. axb3 Rxc1 24. Rxc1 Qd6 25. Nc2 Qd7 26. Nb4 Nc8 27. Nd3 Nd6 28.
Nc5 Qc6 29. Qd2 Nf5 30. Nxe6 Qxe6 31. Qb4+ Nd6 32. Qb6 Kf8 33. Qc7 1-0

[Event "AUTO-MASTER-3305"]
[Site "http://www.queenalice.com/game.php?id=1873191"]
[Date "2026.5.8"]
[Round "1"]
[White "Capixabba789"]
[Black "alvm"]
[Result "0-1"]
[WhiteElo "1849"]
[BlackElo "2203"]

1. d4 Nf6 2. c4 e6 3. Nc3 d5 4. cxd5 exd5 5. f4 Bb4 6. Bd2 O-O 7. Nf3 Nc6 8. e3
Bg4 9. Bd3 Re8 10. O-O Ne4 11. Qe1 Nxd2 12. Nxd2 Nxd4 13. Qg3 Bxc3 14. bxc3 Ne2+
15. Bxe2 Bxe2 16. Rfe1 Ba6 17. Nb3 Qf6 18. Nd4 h6 19. Qf3 Rad8 20. Rab1 Re4 21.
Nb5 Bxb5 22. Rxb5 Qxc3 23. Reb1 Rxe3 24. Qf1 b6 25. R5b3 Qc5 26. Rxe3 Qxe3+ 27.
Kh1 c5 0-1